=LDR 00000nam 2200000 4500 =001 INLIS000000000055820 =005 20200805081852 =035 ##$$a 0010-0720000124 =007 ta =008 200805################g##########0#ind## =082 ##$$a 2x7.21 =084 ##$$a 2x7.21 Ayy k =100 #$$a Al- Ayyubi, Sholahuddin =245 1#$$a Kisah wali songo dalam menyebarkan agama Islam di tanah jawa /$c Sholahuddin Al-Ayyubi =260 ##$$a Surabaya :$b "53",$c 2000 =300 ##$$a 88 hlm. : $b ilus. ; $c 18 x 13 cm. =600 #4$$a Agama Islam =990 ##$$a 165.468/Pro-2001